Statistics for 2018 World Cup squads pt. 2

Click here to take the quiz!

General Stats

  • This quiz has been taken 11 times
  • The average score is 109 of 368

Answer Stats

ClubPositionPlayer% Correct
RomaGKAlisson
100%
Tottenham HotspurMFDele Alli
100%
Manchester CityGKEderson
100%
Paris Saint-GermainDFMarquinhos
100%
Manchester CityFWGabriel Jesus
86%
Real MadridGKKeylor Navas
86%
Paris Saint-GermainFWNeymar
86%
Tottenham HotspurFWSon Heung-min
86%
Paris Saint-GermanDFThiago Silva
86%
FulhamFWAleksandar Mitrović
71%
Real MadridMFCasemiro
71%
ArsenalGKDavid Ospina
71%
JuventusFWDouglas Costa
71%
NapoliFWDries Mertens
71%
ChelseaFWEden Hazard
71%
RB LeipzigMFEmil Forsberg
71%
Tottenham HotspurMFEric Dier
71%
Manchester CityMFFernandinho
71%
Atlético MadridDFFilipe Luís
71%
ChelseaDFGary Cahill
71%
Standard LiègeGKGuillermo Ochoa
71%
Tottenham HotspurFWHarry Kane
71%
Leicester CityDFHarry Maguire
71%
Manchester CityMFİlkay Gündoğan
71%
Bayern MunichMFJames Rodríguez
71%
Leicester CityFWJamie Vardy
71%
Bayern MunichDFJérôme Boateng
71%
Manchester CityDFJohn Stones
71%
LiverpoolMFJordan Henderson
71%
EvertonGKJordan Pickford
71%
Once CaldasGKJosé Fernando Cuadrado
71%
Bayern MunichDFJoshua Kimmich
71%
JuventusMFJuan Cuadrado
71%
Manchester CityMFKevin De Bruyne
71%
Paris Saint-GermainGKKevin Trapp
71%
Manchester CityDFKyle Walker
71%
Schalke 04MFLeon Goretzka
71%
Bayern MunichGKManuel Neuer
71%
BarcelonaGKMarc-André ter Stegen
71%
Real MadridDFMarcelo
71%
Borussia DortmundFWMarco Reus
71%
Manchester UnitedFWMarcus Rashford
71%
Incheon UnitedMFMoon Seon-min
71%
West Bromwich AlbionMFNacer Chadli
71%
Manchester UnitedMFNemanja Matić
71%
BurnleyGKNick Pope
71%
BarcelonaMFPaulinho
71%
Manchester CityFWRaheem Sterling
71%
Bayern MunichFWRobert Lewandowski
71%
LiverpoolFWRoberto Firmino
71%
CopenhagenGKRobin Olsen
71%
Manchester UnitedFWRomelu Lukaku
71%
LiverpoolFWSadio Mané
71%
Hannover 96MFSalif Sané
71%
LazioMFSergej Milinković-Savić
71%
ChelseaGKThibaut Courtois
71%
Borussia MönchengladbachMFThorgan Hazard
71%
Real MadridMFToni Kroos
71%
LiverpoolDFTrent Alexander-Arnold
71%
Manchester UnitedDFVictor Lindelöf
71%
Manchester CityDFVincent Kompany
71%
Borussia MönchengladbachGKYann Sommer
71%
RomaDFAleksandar Kolarov
57%
San FranciscoGKÁlex Rodríguez
57%
ChelseaDFAntonio Rüdiger
57%
NapoliFWArkadiusz Milik
57%
Manchester UnitedDFAshley Young
57%
Tianjin QuanjianMFAxel Witsel
57%
VillarealFWCarlos Bacca
57%
Los Angeles FCFWCarlos Vela
57%
CelticDFDedryck Boyata
57%
SouthamptonMFDušan Tadić
57%
ArsenalMFGranit Xhaka
57%
PSV EindhovenFWHirving Lozano
57%
Tottenham HotspurDFJan Vertonghen
57%
West Ham UnitedFWJavier Hernández
57%
Manchester UnitedMFJesse Lingard
57%
GentMFJosé Luis Rodríguez
57%
Paris Saint-GermainMFJulian Draxler
57%
Vissel KobeMFJung Woo-young
57%
MonacoDFKamil Glik
57%
VfL WolfsburgGKKoen Casteels
57%
Borussia DortmundDFManuel Akanji
57%
Swansea CityDFMartin Olsson
57%
Bayern MunichDFMats Hummels
57%
ArsenalMFMesut Özil
57%
Tottenham HotspurMFMousa Dembélé
57%
BarcelonaMFPhilippe Coutinho
57%
Manchester UnitedDFPhil Jones
57%
Beijing Sinobo GuoanMFRenato Augusto
57%
MilanDFRicardo Rodriguez
57%
JuventusMFSami Khedira
57%
Leicester CityFWShinji Okazaki
57%
LiverpoolGKSimon Mignolet
57%
Shakhtar DonetskFWTaison
57%
Paris Saint-GermainDFThomas Meunier
57%
Bayern MunichMFThomas Müller
57%
BarcelonaDFThomas Vermaelen
57%
RB LeipzigFWTimo Werner
57%
Tottenham HotspurDFToby Alderweireld
57%
RennesFWWahbi Khazri
57%
ChelseaMFWillian
57%
Stoke CityMFXherdan Shaqiri
57%
Dalian YifangMFYannick Carrasco
57%
BarcelonaDFYerry Mina
57%
Real BetisMFAndrés Guardado
43%
BenficaMFAndrija Živković
43%
Schalke 04FWBreel Embolo
43%
EspanyolMFCarlos Sánchez
43%
MilanDFCristián Zapata
43%
Manchester CityDFDanilo
43%
Tottenham HotspurDFDanny Rose
43%
ArsenalFWDanny Welbeck
43%
Tottenham HotspurDFDavinson Sánchez
43%
Manchester CityDFFabian Delph
43%
Deportivo La CoruñaDFFabian Schär
43%
Shakhtar DonetskMFFred
43%
Hamburger SVDFGōtoku Sakai
43%
West Bromwich AlbionMFGrzegorz Krychowiak
43%
MarseilleDFHiroki Sakai
43%
EvertonMFIdrissa Gueye
43%
RennesFWIsmaïla Sarr
43%
Stoke CityGKJack Butland
43%
SouthamptonDFJan Bednarek
43%
Brighton & Hove AlbionFWJosé Izquierdo
43%
Hull CityMFKamil Grosicki
43%
Tottenham HotspurDFKieran Trippier
43%
Eintracht FrankfurtMFMakoto Hasebe
43%
Manchester UnitedMFMarouane Fellaini
43%
Borussia MönchengladbachDFMatthias Ginter
43%
CelticDFMikael Lustig
43%
InternazionaleDFMiranda
43%
Borussia MönchengladbachDFNico Elvedi
43%
Ulsan HyundaiDFPark Joo-ho
43%
NapoliMFPiotr Zieliński
43%
MonacoFWRadamel Falcao
43%
Borussia DortmundMFShinji Kagawa
43%
Real SociedadFWAdnan Januzaj
29%
Hamburger SVMFAlbin Ekdal
29%
Wolverhampton WanderersMFAlfred N'Diaye
29%
KrasnodarDFAndreas Granqvist
29%
Stoke CityMFBadou Ndiaye
29%
Ipswich TownGKBartosz Białkowski
29%
Zenit Saint PetersburgDFBranislav Ivanović
29%
SunderlandDFBryan Oviedo
29%
Sporting CPMFBryan Ruiz
29%
Borussia MönchengladbachMFDenis Zakaria
29%
MetzGKEiji Kawashima
29%
CorinthiansDFFagner
29%
Atlético BucaramangaMFGabriel Gómez
29%
BenficaFWHaris Seferovic
29%
RB SalzburgFWHwang Hee-chan
29%
LevanteMFJefferson Lerma
29%
PortoMFJesús Manuel Corona
29%
1. FC KölnDFJonas Hector
29%
Cruz AzulGKJosé de Jesús Corona
29%
River PlateMFJuan Fernando Quintero
29%
Bayer LeverkusenMFJulian Brandt
29%
NapoliDFKalidou Koulibaly
29%
HoroyaGKKhadim N'Diaye
29%
Swansea CityMFKi Sung-yueng
29%
Crystal PalaceMFLuka Milivojević
29%
Swansea CityGKŁukasz Fabiański
29%
Borussia DortmundDFŁukasz Piszczek
29%
AnderlechtFWŁukasz Teodorczyk
29%
Eintracht FrankfurtFWMarco Fabián
29%
Al AinFWMarcus Berg
29%
VfB StuttgartFWMario Gómez
29%
SouthamptonDFMaya Yoshida
29%
New York Red BullsDFMichael Amir Murillo
29%
Borussia DortmundFWMichy Batshuayi
29%
SevillaMFMiguel Layún
29%
Bayern MunichDFNiklas Süle
29%
FiorentinaDFNikola Milenković
29%
PachucaDFÓscar Murillo
29%
Leeds UnitedDFPontus Jansson
29%
Maccabi Tel AvivGKPredrag Rajković
29%
AtalantaMFRemo Freuler
29%
Borussia DortmundGKRoman Bürki
29%
Crystal PalaceMFRuben Loftus-Cheek
29%
PSV EindhovenDFSantiago Arias
29%
JuventusDFStephan Lichtsteiner
29%
EibarMFTakashi Inui
29%
Urawa Red DiamondsDFWataru Endō
29%
JuventusGKWojciech Szczęsny
29%
Legia WarsawDFArtur Jędrzejczyk
14%
SampdoriaDFBartosz Bereszyński
14%
MunicipalFWBlas Pérez
14%
CorinthiansGKCássio
14%
Deportivo La CoruñaMFCelso Borges
14%
West Ham UnitedMFCheikhou Kouyaté
14%
CelticDFCristian Gamboa
14%
SampdoriaFWDawid Kownacki
14%
RennesFWDiafra Sakho
14%
BeşiktaşDFDuško Tošić
14%
AméricaDFEdson Álvarez
14%
PachucaMFÉrick Gutiérrez
14%
OlimpiaDFFarid Díaz
14%
MunicipalDFFelipe Baloy
14%
Al-NassrMFFerjani Sassi
14%
Hamburger SVMFFilip Kostić
14%
HuachipatoFWGabriel Torres
14%
BolognaDFGiancarlo González
14%
LA GalaxyMFGiovani dos Santos
14%
PortoDFHéctor Herrera
14%
Real SociedadDFHéctor Moreno
14%
Waasland-BeverenFWIsaac Kiese Thelin
14%
Deportivo FabrilFWIsmael Díaz
14%
Ludogorets RazgradMFJacek Góralski
14%
VfL WolfsburgMFJakub Błaszczykowski
14%
FC TokyoDFJang Hyun-soo
14%
Real BetisFWJoel Campbell
14%
AntalyasporDFJohan Djourou
14%
AlavésFWJohn Guidetti
14%
LA GalaxyMFJonathan dos Santos
14%
Borussia MönchengladbachFWJosip Drmić
14%
Asan MugunghwaMFJu Se-jong
14%
AnderlechtDFKara Mbodji
14%
SampdoriaMFKarol Linetty
14%
PachucaMFKeisuke Honda
14%
MonacoFWKeita Baldé
14%
AlajuelenseDFKenner Gutiérrez
14%
Swansea CityGKKristoffer Nordfeldt
14%
AnderlechtDFLeander Dendoncker
14%
Jeonbuk Hyundai MotorsMFLee Jae-sung
14%
Jeonbuk Hyundai MotorsDFLee Yong
14%
Werder BremenDFLudwig Augustinsson
14%
SevillaFWLuis Muriel
14%
Eintracht FrankfurtFWLuka Jović
14%
Lokomotiv MoscowMFMaciej Rybus
14%
Stoke CityFWMame Biram Diouf
14%
Los Angeles FCFWMarco Ureña
14%
Dinamo ZagrebFWMario Gavranović
14%
EibarGKMarko Dmitrović
14%
AméricaMFMateus Uribe
14%
TorinoFWM'Baye Niang
14%
Legia WarsawDFMichał Pazdan
14%
Werder BremenDFMiloš Veljković
14%
BursasporFWMoussa Sow
14%
DijonFWNaïm Sliti
14%
ToulouseFWOla Toivonen
14%
AméricaFWOribe Peralta
14%
EspanyolDFÓscar Duarte
14%
AtlasDFRafael Márquez
14%
Górnik ZabrzeMFRafał Kurzawa
14%
Seattle Sounders FCDFRomán Torres
14%
Hull CityMFSebastian Larsson
14%
Bayern MunichMFSebastian Rudy
14%
Lechia GdańskMFSławomir Peszko
14%
1899 HoffenheimMFSteven Zuber
14%
SPALDFThiago Cionek
14%
UdineseMFValon Behrami
14%
PartizanGKVladimir Stojković
14%
Boca JuniorsMFWilmar Barrios
14%
Leicester CityDFYohan Benalouane
14%
MonacoMFYouri Tielemans
14%
Seongnam FCDFYun Young-sun
14%
GalatasarayDFYuto Nagatomo
14%
1. FC KölnFWYuya Osako
14%
RB LeipzigGKYvon Mvogo
14%
AlajuelenseFWAbdiel Arroyo
0%
RennesGKAbdoulaye Diallo
0%
Deportivo CaliMFAbel Aguilar
0%
CaenDFAdama Mbengue
0%
TorinoMFAdem Ljajić
0%
Houston DynamoDFAdolfo Machado
0%
Club AfricainFWAhmed Khalil
0%
PAOKFWAleksandar Prijović
0%
SPALGKAlfred Gomis
0%
TolucaGKAlfredo Talavera
0%
Al AhlyDFAli Maâloul
0%
San Jose EarthquakesMFAníbal Godoy
0%
Espérance de TunisMFAnice Badri
0%
VillarealDFAntonio Rukavina
0%
Universidad de ChileMFArmando Cooper
0%
Al-BatinGKAymen Mathlouthi
0%
NiceFWBassem Srarfi
0%
BolognaMFBlerim Džemaili
0%
Deportivo CaliGKCamilo Vargas
0%
Eintracht FrankfurtDFCarlos Salcedo
0%
Birmingham CityMFCheikh N'Doye
0%
SaprissaMFChristian Bolaños
0%
SaprissaMFDaniel Colindres
0%
Portland TimbersMFDavid Guzmán
0%
GentDFDylan Bronn
0%
MontpellierMFEllyes Skhiri
0%
BolognaDFEmil Krafth
0%
Dunajská StredaDFEric Davis
0%
Al-EttifaqFWFakhreddine Ben Youssef
0%
Al-ShababGKFarouk Ben Mustapha
0%
New York Red BullsDFFidel Escobar
0%
BolognaDFFilip Helander
0%
Minnesota UnitedDFFrancisco Calvo
0%
ToulouseDFFrançois Moubandje
0%
GetafeMFGaku Shibasaki
0%
Eintracht FrankfurtMFGelson Fernandes
0%
Fortuna DüsseldorfMFGenki Haraguchi
0%
Kashima AntlersDFGen Shoji
0%
Espérance de TunisFWGhailene Chaalali
0%
FC SeoulDFGo Yo-han
0%
Seattle Sounders FCMFGustav Svensson
0%
ZamalekDFHamdi Nagguez
0%
San Jose EarthquakesDFHarold Cummings
0%
Sangju SangmuDFHong Chul
0%
Cerezo OsakaMFHotaru Yamaguchi
0%
UANLDFHugo Ayala
0%
NorrköpingDFIan Smith
0%
Dinamo BucureștiGKJaime Penedo
0%
UANLMFJavier Aquino
0%
UNAMMFJesús Gallardo
0%
Águilas DoradasDFJhonny Acosta
0%
ToulouseMFJimmy Durmaz
0%
GironaDFJohan Mojica
0%
SaprissaFWJohan Venegas
0%
Daegu FCGKJo Hyeon-woo
0%
ChorrilloGKJosé Calderón
0%
Sagan TosuDFJung Seung-hyun
0%
GuingampGKKarl-Johan Johnsson
0%
Vancouver Whitecaps FCDFKendall Waston
0%
Cerezo OsakaGKKim Jin-hyeon
0%
Sangju SangmuDFKim Min-woo
0%
Vissel KobeGKKim Seung-gyu
0%
Jeonbuk Hyundai MotorsFWKim Shin-wook
0%
Guangzhou EvergrandeDFKim Young-gwon
0%
FC AugsburgMFKoo Ja-cheol
0%
Kashiwa ReysolGKKosuke Nakamura
0%
AlanyasporDFLamine Gassama
0%
Hellas VeronaMFLee Seung-woo
0%
HeredianoGKLeonel Moreira
0%
CD OlimpioDFLuis Ovalle
0%
Sport BoysFWLuis Tejada
0%
CrotoneMFMarcus Rohdén
0%
Cardiff CityMFMarko Grujić
0%
Hertha BSCDFMarvin Plattenhardt
0%
Gamba OsakaGKMasaaki Higashiguchi
0%
BaselDFMichael Lang
0%
PalmeirasFWMiguel Borja
0%
Red Star BelgradeDFMilan Rodić
0%
Al-AhliMFMohamed Amine Ben Amor
0%
ChâteaurouxGKMouez Hassen
0%
AmiensFWMoussa Konaté
0%
EupenDFMoussa Wagué
0%
Kashima AntlersDFNaomichi Ueda
0%
Red Star BelgradeFWNemanja Radonjić
0%
Jeju UnitedDFOh Ban-suk
0%
GenoaMFOscar Hiljemark
0%
DijonDFOussama Haddadi
0%
AlajuelenseGKPatrick Pemberton
0%
GrêmioDFPedro Geromel
0%
Étoile du SahelDFRami Bedoui
0%
HeredianoMFRandall Azofeifa
0%
BenficaFWRaúl Jiménez
0%
GentMFRicardo Ávila
0%
New York City FCMFRodney Wallace
0%
Kawasaki FrontaleMFRyota Oshima
0%
Club AfricainFWSaber Khalifa
0%
TroyesFWSaîf-Eddine Khaoui
0%
KasımpaşaDFSyam Ben Youssef
0%
Fortuna DüsseldorfMFTakashi Usami
0%
Urawa Red DiamondsDFTomoaki Makino
0%
AnderlechtDFUroš Spajić
0%
Plaza AmadorMFValentín Pimentel
0%
KrasnodarMFViktor Claesson
0%
CS SfaxienDFYassine Meriah
0%
LausanneMFYeltsin Tejeda
0%
TapachulaMFYoel Bárcenas
0%
Mainz 05FWYoshinori Muto
0%
BordeauxDFYoussouf Sabaly
0%

Score Distribution

Percentile by Number Answered

Percent of People with Each Score

Your Score History

You have not taken this quiz